| Tag |
First Indicator |
Second Indicator |
Subfields |
| LEADER |
00000cam a2200000Ia 4500 |
| 001 |
in00002196708 |
| 005 |
20151104074039.0 |
| 008 |
060822s2007 inua 001 0 eng d |
| 020 |
|
|
|a 0672329026
|
| 035 |
|
|
|a (OCoLC)ocm71011975
|
| 040 |
|
|
|a VYF
|c VYF
|d IXA
|d BAKER
|d TXA
|d UtOrBLW
|
| 049 |
|
|
|a TXAM
|
| 090 |
|
|
|a HF5548.4.R2
|b S54 2007
|
| 100 |
1 |
|
|a Signorile, Danielle Larocca.
|
| 245 |
1 |
0 |
|a SAP query reporting /
|c Danielle Larocca Signorile.
|
| 264 |
|
1 |
|a Indianapolis, IN :
|b Sams,
|c [2007]
|
| 264 |
|
4 |
|c ©2007
|
| 300 |
|
|
|a viii, 326 pages :
|b illustrations ;
|c 23 cm.
|
| 336 |
|
|
|a text
|b txt
|2 rdacontent
|
| 337 |
|
|
|a unmediated
|b n
|2 rdamedia
|
| 338 |
|
|
|a volume
|b nc
|2 rdacarrier
|
| 500 |
|
|
|a Includes index.
|
| 630 |
0 |
0 |
|a SAP R/3.
|
| 650 |
|
0 |
|a Business
|x Data processing.
|
| 650 |
|
0 |
|a Business
|x Computer programs.
|
| 938 |
|
|
|a Baker & Taylor
|b BKTY
|c 39.99
|d 29.99
|i 0672329026
|n 0006752336
|s active
|
| 994 |
|
|
|a C0
|b TXA
|
| 948 |
|
|
|a cataloged
|b h
|c 2006/9/25
|d c
|e jlanham
|f 1:20:05 pm
|
| 999 |
|
|
|a MARS
|
| 999 |
f |
f |
|s e642ec96-aae9-3d81-8fd0-3b25fb534657
|i 3bb85516-8fa9-3246-b59d-6608d3f6c042
|t 0
|
| 952 |
f |
f |
|p ric
|a Texas A&M University
|b Rellis Campus
|c Joint Library Facility
|d Remote Storage
|t 0
|e HF5548.4.R2 S54 2007
|h Library of Congress classification
|i unmediated -- volume
|m A14834370507
|
| 998 |
f |
f |
|a HF5548.4.R2 S54 2007
|t 0
|l Remote Storage
|